FBS New Year's Six Bowl Game Participants (2000-25) - Statistics

General Stats
  • This quiz has been taken 31 times
  • The average score is 272 of 306
Answer Stats
Bowl Game Year Conference Rank Team % Correct
Cotton Bowl Classic 2006 SEC #8 Alabama
100%
Cotton Bowl Classic Dec 2015 SEC #2 Alabama
100%
Cotton Bowl Classic 2021 SEC #1 Alabama
100%
Orange Bowl 2000 SEC #5 Alabama
100%
Orange Bowl 2018 SEC #1 Alabama
100%
Peach Bowl 2016 SEC #1 Alabama
100%
Rose Bowl 2021 SEC #1 Alabama
100%
Rose Bowl 2024 SEC #5 Alabama
100%
Sugar Bowl 2009 SEC #4 Alabama
100%
Sugar Bowl 2014 SEC #3 Alabama
100%
Sugar Bowl 2015 SEC #1 Alabama
100%
Sugar Bowl 2018 SEC #4 Alabama
100%
Sugar Bowl Dec 2022 SEC #5 Alabama
100%
Cotton Bowl Classic 2000 SEC #24 Arkansas
100%
Cotton Bowl Classic 2002 SEC Arkansas
100%
Cotton Bowl Classic 2008 SEC #25 Arkansas
100%
Cotton Bowl Classic 2012 SEC #7 Arkansas
100%
Sugar Bowl 2011 SEC #8 Arkansas
100%
Orange Bowl Dec 2021 SEC #3 Georgia
100%
Orange Bowl 2023 SEC #6 Georgia
100%
Peach Bowl 2006 SEC Georgia
100%
Peach Bowl Jan 2021 SEC #11 Georgia
100%
Peach Bowl 2022 SEC #1 Georgia
100%
Rose Bowl 2018 SEC #3 Georgia
100%
Sugar Bowl 2003 SEC #4 Georgia
100%
Sugar Bowl 2006 SEC #8 Georgia
100%
Sugar Bowl 2008 SEC #4 Georgia
100%
Sugar Bowl 2019 SEC #6 Georgia
100%
Sugar Bowl 2020 SEC #5 Georgia
100%
Sugar Bowl 2025 SEC #2 Georgia
100%
Cotton Bowl Classic 2003 SEC LSU
100%
Cotton Bowl Classic 2011 SEC #11 LSU
100%
Fiesta Bowl Jan 2019 SEC #11 LSU
100%
Peach Bowl 2000 SEC LSU
100%
Peach Bowl 2005 SEC #10 LSU
100%
Peach Bowl 2008 SEC LSU
100%
Peach Bowl 2012 SEC #9 LSU
100%
Peach Bowl 2019 SEC #1 LSU
100%
Sugar Bowl 2002 SEC #12 LSU
100%
Sugar Bowl 2004 SEC #2 LSU
100%
Sugar Bowl 2007 SEC #4 LSU
100%
Cotton Bowl Classic 2002 Big 12 #10 Oklahoma
100%
Cotton Bowl Classic 2013 Big 12 #11 Oklahoma
100%
Cotton Bowl Classic 2020 Big 12 #8 Oklahoma
100%
Fiesta Bowl 2007 Big 12 #7 Oklahoma
100%
Fiesta Bowl 2008 Big 12 #3 Oklahoma
100%
Fiesta Bowl 2011 Big 12 #9 Oklahoma
100%
Orange Bowl 2001 Big 12 #1 Oklahoma
100%
Orange Bowl 2005 Big 12 #2 Oklahoma
100%
Orange Bowl 2015 Big 12 #4 Oklahoma
100%
Orange Bowl 2018 Big 12 #4 Oklahoma
100%
Peach Bowl 2019 Big 12 #4 Oklahoma
100%
Rose Bowl 2003 Big 12 #8 Oklahoma
100%
Rose Bowl 2018 Big 12 #2 Oklahoma
100%
Sugar Bowl 2004 Big 12 #3 Oklahoma
100%
Sugar Bowl 2014 Big 12 #10 Oklahoma
100%
Sugar Bowl 2017 Big 12 #7 Oklahoma
100%
Cotton Bowl Classic 2000 Big 12 #14 Texas
100%
Cotton Bowl Classic 2003 Big 12 #9 Texas
100%
Cotton Bowl Classic Jan 2025 SEC #4 Texas
100%
Fiesta Bowl 2009 Big 12 #3 Texas
100%
Peach Bowl 2025 SEC #4 Texas
100%
Rose Bowl 2005 Big 12 #6 Texas
100%
Rose Bowl 2006 Big 12 #2 Texas
100%
Sugar Bowl 2019 Big 12 #14 Texas
100%
Sugar Bowl 2024 Big 12 #3 Texas
100%
Cotton Bowl Classic 2020 SEC #10 Florida
95%
Orange Bowl 2002 SEC #5 Florida
95%
Orange Bowl 2019 SEC #6 Florida
95%
Peach Bowl Dec 2004 SEC #20 Florida
95%
Peach Bowl Dec 2018 SEC #10 Florida
95%
Sugar Bowl 2001 SEC #7 Florida
95%
Sugar Bowl 2010 SEC #5 Florida
95%
Sugar Bowl 2013 SEC #4 Florida
95%
Orange Bowl 2001 ACC #3 Florida State
95%
Orange Bowl 2004 ACC #9 Florida State
95%
Orange Bowl 2006 ACC #22 Florida State
95%
Orange Bowl 2013 ACC #13 Florida State
95%
Orange Bowl 2016 ACC #10 Florida State
95%
Orange Bowl 2023 ACC #4 Florida State
95%
Peach Bowl 2010 ACC #23 Florida State
95%
Peach Bowl 2015 ACC #9 Florida State
95%
Rose Bowl 2015 ACC #2 Florida State
95%
Sugar Bowl 2000 ACC #1 Florida State
95%
Sugar Bowl 2003 ACC #16 Florida State
95%
Orange Bowl 2008 Big 12 #8 Kansas
95%
Cotton Bowl Classic 2001 Big 12 #11 Kansas State
95%
Cotton Bowl Classic 2012 Big 12 #11 Kansas State
95%
Fiesta Bowl 2004 Big 12 #8 Kansas State
95%
Fiesta Bowl 2013 Big 12 #7 Kansas State
95%
Sugar Bowl Dec 2022 Big 12 #11 Kansas State
95%
Fiesta Bowl Dec 2022 Big Ten #2 Michigan
95%
Orange Bowl 2000 Big Ten #8 Michigan
95%
Orange Bowl 2016 Big Ten #6 Michigan
95%
Orange Bowl Dec 2021 Big Ten #2 Michigan
95%
Peach Bowl Dec 2018 Big Ten #8 Michigan
95%
Rose Bowl 2004 Big Ten #4 Michigan
95%
Rose Bowl 2005 Big Ten #13 Michigan
95%
Rose Bowl 2007 Big Ten #3 Michigan
95%
Rose Bowl 2024 Big Ten #1 Michigan
95%
Sugar Bowl 2012 Big Ten #13 Michigan
95%
Cotton Bowl Classic Dec 2017 Big Ten #5 Ohio State
95%
Cotton Bowl Classic Dec 2023 Big Ten #7 Ohio State
95%
Cotton Bowl Classic Jan 2025 Big Ten #6 Ohio State
95%
Fiesta Bowl 2003 Big Ten #2 Ohio State
95%
Fiesta Bowl 2004 Big Ten #7 Ohio State
95%
Fiesta Bowl 2006 Big Ten #4 Ohio State
95%
Fiesta Bowl 2009 Big Ten #10 Ohio State
95%
Fiesta Bowl Jan 2016 Big Ten #7 Ohio State
95%
Fiesta Bowl Dec 2016 Big Ten #2 Ohio State
95%
Fiesta Bowl Dec 2019 Big Ten #2 Ohio State
95%
Orange Bowl 2014 Big Ten #7 Ohio State
95%
Peach Bowl 2022 Big Ten #4 Ohio State
95%
Rose Bowl 2010 Big Ten #8 Ohio State
95%
Rose Bowl 2019 Big Ten #5 Ohio State
95%
Rose Bowl 2022 Big Ten #7 Ohio State
95%
Rose Bowl 2025 Big Ten #6 Ohio State
95%
Sugar Bowl 2011 Big Ten #6 Ohio State
95%
Sugar Bowl 2015 Big Ten #5 Ohio State
95%
Sugar Bowl 2021 Big Ten #3 Ohio State
95%
Fiesta Bowl 2002 Pac-10 #2 Oregon
95%
Fiesta Bowl 2013 Pac-12 #5 Oregon
95%
Fiesta Bowl 2021 Pac-12 #25 Oregon
95%
Fiesta Bowl Jan 2024 Pac-12 #8 Oregon
95%
Rose Bowl 2010 Pac-10 #7 Oregon
95%
Rose Bowl 2012 Pac-12 #6 Oregon
95%
Rose Bowl 2015 Pac-12 #3 Oregon
95%
Rose Bowl 2020 Pac-12 #7 Oregon
95%
Rose Bowl 2025 Big Ten #1 Oregon
95%
Cotton Bowl Classic 2007 SEC #10 Auburn
90%
Peach Bowl 2001 SEC Auburn
90%
Peach Bowl 2007 SEC #22 Auburn
90%
Peach Bowl 2011 SEC Auburn
90%
Peach Bowl Jan 2018 SEC #7 Auburn
90%
Sugar Bowl 2005 SEC #3 Auburn
90%
Sugar Bowl 2017 SEC #17 Auburn
90%
Cotton Bowl Classic 2018 ACC #2 Clemson
90%
Fiesta Bowl Dec 2016 ACC #3 Clemson
90%
Fiesta Bowl Dec 2019 ACC #3 Clemson
90%
Orange Bowl 2012 ACC #22 Clemson
90%
Orange Bowl 2014 ACC #12 Clemson
90%
Orange Bowl 2015 ACC #1 Clemson
90%
Peach Bowl Jan 2004 ACC Clemson
90%
Peach Bowl 2007 ACC #15 Clemson
90%
Peach Bowl 2012 ACC #14 Clemson
90%
Sugar Bowl 2018 ACC #1 Clemson
90%
Sugar Bowl 2021 ACC #2 Clemson
90%
Orange Bowl 2003 Big Ten #3 Iowa
90%
Orange Bowl 2010 Big Ten #10 Iowa
90%
Rose Bowl 2016 Big Ten #6 Iowa
90%
Cotton Bowl Classic 2007 Big 12 #22 Nebraska
90%
Fiesta Bowl 2000 Big 12 #3 Nebraska
90%
Rose Bowl 2002 Big 12 #4 Nebraska
90%
Cotton Bowl Classic 2018 Independent #3 Notre Dame
90%
Fiesta Bowl 2001 Independent #10 Notre Dame
90%
Fiesta Bowl 2006 Independent #5 Notre Dame
90%
Fiesta Bowl Jan 2016 Independent #8 Notre Dame
90%
Fiesta Bowl Jan 2022 Independent #5 Notre Dame
90%
Orange Bowl 2025 Independent #3 Notre Dame
90%
Rose Bowl 2021 Independent #4 Notre Dame
90%
Sugar Bowl 2007 Independent #11 Notre Dame
90%
Sugar Bowl 2025 Independent #3 Notre Dame
90%
Cotton Bowl Classic 2004 SEC #16 Ole Miss
90%
Cotton Bowl Classic 2009 SEC #20 Ole Miss
90%
Cotton Bowl Classic 2010 SEC Ole Miss
90%
Peach Bowl 2014 SEC #9 Ole Miss
90%
Peach Bowl 2023 SEC #11 Ole Miss
90%
Sugar Bowl 2016 SEC #16 Ole Miss
90%
Sugar Bowl Jan 2022 SEC #8 Ole Miss
90%
Cotton Bowl Classic 2019 Big Ten #13 Penn State
90%
Fiesta Bowl 2017 Big Ten #9 Penn State
90%
Fiesta Bowl Dec 2024 Big Ten #5 Penn State
90%
Orange Bowl 2006 Big Ten #3 Penn State
90%
Orange Bowl 2025 Big Ten #5 Penn State
90%
Peach Bowl 2023 Big Ten #10 Penn State
90%
Rose Bowl 2009 Big Ten #6 Penn State
90%
Rose Bowl 2017 Big Ten #5 Penn State
90%
Rose Bowl 2023 Big Ten #9 Penn State
90%
Fiesta Bowl 2010 Big 12 #3 TCU
90%
Fiesta Bowl Dec 2022 Big 12 #3 TCU
90%
Peach Bowl 2014 Big 12 #6 TCU
90%
Rose Bowl 2011 Mountain West #3 TCU
90%
Cotton Bowl Classic 2001 SEC #21 Tennessee
90%
Cotton Bowl Classic 2005 SEC #15 Tennessee
90%
Fiesta Bowl 2000 SEC #6 Tennessee
90%
Peach Bowl 2002 SEC Tennessee
90%
Peach Bowl Jan 2004 SEC #6 Tennessee
90%
Peach Bowl 2009 SEC Tennessee
90%
Cotton Bowl Classic 2006 Big 12 #20 Texas Tech
90%
Cotton Bowl Classic 2009 Big 12 #8 Texas Tech
90%
Cotton Bowl Classic Dec 2017 Pac-12 #8 USC
90%
Cotton Bowl Classic Jan 2023 Pac-12 #8 USC
90%
Orange Bowl 2003 Pac-10 #5 USC
90%
Orange Bowl 2005 Pac-10 #1 USC
90%
Rose Bowl 2004 Pac-10 #1 USC
90%
Rose Bowl 2006 Pac-10 #1 USC
90%
Rose Bowl 2007 Pac-10 #8 USC
90%
Rose Bowl 2008 Pac-10 #6 USC
90%
Rose Bowl 2009 Pac-10 #5 USC
90%
Rose Bowl 2017 Pac-12 #9 USC
90%
Fiesta Bowl 2005 Mountain West #5 Utah
90%
Rose Bowl 2022 Pac-12 #10 Utah
90%
Rose Bowl 2023 Pac-12 #7 Utah
90%
Sugar Bowl 2009 Mountain West #7 Utah
90%
Orange Bowl 2019 ACC #23 Virginia
90%
Peach Bowl 2011 ACC Virginia
90%
Fiesta Bowl 2017 Pac-12 #12 Washington
90%
Peach Bowl 2016 Pac-12 #4 Washington
90%
Rose Bowl 2001 Pac-10 #4 Washington
90%
Rose Bowl 2019 Pac-12 #9 Washington
90%
Sugar Bowl 2024 Pac-12 #2 Washington
90%
Fiesta Bowl Dec 2014 Pac-12 #12 Arizona
86%
Peach Bowl 2025 Big 12 #10 Arizona State
86%
Fiesta Bowl 2007 WAC #9 Boise State
86%
Fiesta Bowl 2010 WAC #6 Boise State
86%
Fiesta Bowl Dec 2014 Mountain West #21 Boise State
86%
Fiesta Bowl Dec 2024 Mountain West #8 Boise State
86%
Fiesta Bowl 2002 Big 12 #3 Colorado
86%
Rose Bowl 2008 Big Ten #13 Illinois
86%
Sugar Bowl 2002 Big Ten #7 Illinois
86%
Fiesta Bowl 2021 Big 12 #12 Iowa State
86%
Cotton Bowl Classic Jan 2015 Big Ten #7 Michigan State
86%
Cotton Bowl Classic Dec 2015 Big Ten #3 Michigan State
86%
Peach Bowl Dec 2021 Big Ten #11 Michigan State
86%
Rose Bowl 2014 Big Ten #4 Michigan State
86%
Cotton Bowl Classic 2008 Big 12 #7 Missouri
86%
Cotton Bowl Classic 2014 SEC #9 Missouri
86%
Cotton Bowl Classic Dec 2023 SEC #9 Missouri
86%
Cotton Bowl Classic 2004 Big 12 #21 Oklahoma State
86%
Cotton Bowl Classic 2010 Big 12 #21 Oklahoma State
86%
Cotton Bowl Classic 2014 Big 12 #13 Oklahoma State
86%
Fiesta Bowl 2012 Big 12 #3 Oklahoma State
86%
Fiesta Bowl Jan 2022 Big 12 #9 Oklahoma State
86%
Sugar Bowl 2016 Big 12 #13 Oklahoma State
86%
Fiesta Bowl 2001 Pac-10 #5 Oregon State
86%
Fiesta Bowl 2012 Pac-12 #4 Stanford
86%
Orange Bowl 2011 Pac-10 #5 Stanford
86%
Rose Bowl 2000 Pac-10 #22 Stanford
86%
Rose Bowl 2013 Pac-12 #8 Stanford
86%
Rose Bowl 2014 Pac-12 #5 Stanford
86%
Rose Bowl 2016 Pac-12 #5 Stanford
86%
Orange Bowl 2008 ACC #5 Virginia Tech
86%
Orange Bowl 2009 ACC #21 Virginia Tech
86%
Orange Bowl 2011 ACC #12 Virginia Tech
86%
Peach Bowl 2006 ACC #14 Virginia Tech
86%
Peach Bowl 2009 ACC #12 Virginia Tech
86%
Sugar Bowl 2000 Big East #2 Virginia Tech
86%
Sugar Bowl 2005 ACC #9 Virginia Tech
86%
Sugar Bowl 2012 ACC #17 Virginia Tech
86%
Orange Bowl 2010 ACC #9 Georgia Tech
81%
Peach Bowl 2000 ACC #15 Georgia Tech
81%
Peach Bowl 2008 ACC #14 Georgia Tech
81%
Orange Bowl Jan 2021 ACC #14 North Carolina
81%
Peach Bowl 2001 ACC North Carolina
81%
Rose Bowl 2001 Big Ten #14 Purdue
81%
Cotton Bowl Classic 2005 Big 12 #22 Texas A&M
81%
Cotton Bowl Classic 2011 Big 12 #18 Texas A&M
81%
Cotton Bowl Classic 2013 SEC #9 Texas A&M
81%
Orange Bowl Jan 2021 SEC #5 Texas A&M
81%
Peach Bowl 2013 SEC #20 Texas A&M
81%
Cotton Bowl Classic Jan 2023 American #14 Tulane
81%
Rose Bowl 2003 Pac-10 #7 Washington State
81%
Fiesta Bowl 2008 Big East #11 West Virginia
81%
Orange Bowl 2012 Big East #17 West Virginia
81%
Sugar Bowl 2006 Big East #11 West Virginia
81%
Cotton Bowl Classic Jan 2017 Big Ten #8 Wisconsin
81%
Orange Bowl 2017 Big Ten #6 Wisconsin
81%
Rose Bowl 2000 Big Ten #4 Wisconsin
81%
Rose Bowl 2011 Big Ten #4 Wisconsin
81%
Rose Bowl 2012 Big Ten #9 Wisconsin
81%
Rose Bowl 2013 Big Ten #23 Wisconsin
81%
Rose Bowl 2020 Big Ten #11 Wisconsin
81%
Cotton Bowl Classic 2021 American #4 Cincinnati
76%
Orange Bowl 2009 Big East #12 Cincinnati
76%
Peach Bowl Jan 2021 American #6 Cincinnati
76%
Sugar Bowl 2010 Big East #4 Cincinnati
76%
Orange Bowl 2002 ACC #6 Maryland
76%
Peach Bowl 2002 ACC #20 Maryland
76%
Cotton Bowl Classic Jan 2015 Big 12 #4 Baylor
71%
Fiesta Bowl Jan 2014 Big 12 #6 Baylor
71%
Sugar Bowl 2020 Big 12 #8 Baylor
71%
Sugar Bowl Jan 2022 Big 12 #7 Baylor
71%
Fiesta Bowl 2005 Big East #19 Pittsburgh
71%
Peach Bowl Dec 2021 ACC #13 Pittsburgh
71%
Peach Bowl 2015 American #14 Houston
67%
Orange Bowl 2007 Big East #5 Louisville
67%
Sugar Bowl 2013 Big East #22 Louisville
67%
Peach Bowl 2010 SEC #19 South Carolina
67%
Peach Bowl 2013 ACC #22 Duke
62%
Fiesta Bowl Jan 2024 Conference USA #18 Liberty
62%
Fiesta Bowl Jan 2014 American #15 UCF
62%
Fiesta Bowl Jan 2019 American #7 UCF
62%
Peach Bowl Jan 2018 American #10 UCF
62%
Orange Bowl 2007 ACC #15 Wake Forest
62%
Cotton Bowl Classic 2019 American #15 Memphis
52%
Orange Bowl 2013 MAC #16 Northern Illinois
52%
Cotton Bowl Classic Jan 2017 MAC #12 Western Michigan
52%
Fiesta Bowl 2003 Big East #1 Miami (FL)
48%
Orange Bowl 2004 Big East #10 Miami (FL)
48%
Orange Bowl 2017 ACC #11 Miami (FL)
48%
Peach Bowl Dec 2004 ACC #14 Miami (FL)
48%
Peach Bowl 2005 ACC #9 Miami (FL)
48%
Rose Bowl 2002 Big East #1 Miami (FL)
48%
Sugar Bowl 2001 Big East #2 Miami (FL)
48%
Sugar Bowl 2008 WAC #10 Hawaii
38%
Fiesta Bowl 2011 Big East #25 Connecticut
29%
No matching quizzes found
Score Distribution
Percent of People with Each Score
Percentile by Number Answered
Your Score History
You have not taken this quiz